Nicky Ricky Dicky and Dawn quiz - Statistics

General Stats
  • This quiz has been taken 531 times
  • The average score is 9 of 15
Answer Stats
Hint Answer % Correct
what is the oldest quadruplet? Dawn
99%
who is the second youngest? Dicky
88%
who is the youngest? Nicky
86%
who is the second oldest? Ricky
86%
How many seasons are there currently on Netflix? 2
68%
What is the kids mom named? Anne
64%
What is Dawns favourite sport? Soccer
62%
who plays Dawn Harper? Lizzy Greene
58%
what is the dog named? Squishy Paws
56%
what is the store called that their father owns? Tom's Get Sporty
52%
In the episode "Poo Dunnit" who made the mess in the toilet? The dog
51%
how much older is Dawn than the rest? 4 seconds
50%
Who do the Harper Quads really want as a babysitter? Josie
43%
What is Dawns best friend named? Mae Valentine
30%
who do the Harper Quads hate as a babysitter? Tanya
22%
No matching quizzes found
Score Distribution
Percent of People with Each Score
Percentile by Number Answered
Your Score History
You have not taken this quiz